| 000 | 00854nam a22001937a 4500 | ||
|---|---|---|---|
| 999 |
_c59133 _d59133 |
||
| 003 | Ge_BSU | ||
| 005 | 20230426173047.0 | ||
| 008 | 221129s1979ge xxu||||| |||| 00| 0 geo d | ||
| 041 | _ageo | ||
| 080 | _a94(479.22)(038) მ-59 | ||
| 100 |
_aმეტრეველი, როინ, ავტორი. _95447 |
||
| 245 |
_aსაქართველოს ისტორია : _bლექსიკონი. ტ. 1, ა - ვ / _cროინ მეტრეველი, რედ. ნ.ჯანელიძე. |
||
| 264 |
_aთბილისი : _b განათლება, _c1979. |
||
| 300 |
_a351 გვ. _b23 სმ. |
||
| 653 | _aსაქართველოს ისტორია | ||
| 653 | _aლექსიკონი. | ||
| 700 |
_aჯანელიძე, ნ _eრედაქტორი _92311 |
||
| 942 |
_2udc _cBK |
||